Las estilizaciones de aves y caballos de Azaila / (Record no. 38215)

MARC details
000 -LEADER
campo de control de longitud fija 00615nam a2200193 i 4500
001 - NÚMERO DE CONTROL
campo de control 38215
003 - IDENTIFICADOR DE NÚMERO DE CONTROL
campo de control ES-MaACL
005 - FECHA Y HORA DE LA ÚLTIMA TRANSACCIÓN
campo de control 20260203063030.0
007 - CAMPO FIJO DE DESCRIPCIÓN FÍSICA--INFORMACIÓN GENERAL
campo de control de longitud fija t|
008 - DATOS DE LONGITUD FIJA--INFORMACIÓN GENERAL
campo de control de longitud fija 030224s1926 sp |||| | spa d
100 1# - ENTRADA PRINCIPAL--NOMBRE DE PERSONA
Nombre de persona Cabré Aguiló, Juan,
Fechas asociadas al nombre 1882-1947
9 (RLIN) 33266
245 14 - MENCIÓN DEL TÍTULO
Título Las estilizaciones de aves y caballos de Azaila /
Mención de responsabilidad, etc. Juan Cabré Aguiló.
260 ## - PUBLICACIÓN, DISTRIBUCIÓN, ETC.
Lugar de publicación, distribución, etc. Madrid :
Nombre del editor, distribuidor, etc. José Molina,
Fecha de publicación, distribución, etc. [1926]
300 ## - DESCRIPCIÓN FÍSICA
Extensión 27 p. :
Otras características físicas il. ;
Dimensiones 24 cm.
650 #7 - PUNTO DE ACCESO ADICIONAL DE MATERIA--TÉRMINO DE MATERIA
Término de materia o nombre geográfico como elemento de entrada Arte ibérico
Fuente del encabezamiento o término embne
9 (RLIN) 149159
651 #4 - PUNTO DE ACCESO ADICIONAL DE MATERIA--NOMBRE GEOGRÁFICO
Nombre geográfico Teruel (Provincia)-
Subdivisión general Restos arqueológicos.
9 (RLIN) 151275
852 ## - LOCALIZACIÓN
Ubicación ES-MaACL
Número de control de estantería 1711-F-6
Holdings
Estatus retirado Estado de pérdida Estado de daño No para préstamo Colección Biblioteca de origen Biblioteca actual Ubicación en estantería Fecha de adquisición Fuente de adquisición Total de préstamos Signatura topográfica completa Código de barras Visto por última vez Precio de reemplazo Tipo de ítem Koha
        Colección de folletos Biblioteca del Ateneo de Madrid Biblioteca del Ateneo de Madrid Depósito folletos 17/01/2008     1711-F-6 1040228 23/02/2023 23/02/2023 Folleto